Transferts 2023 vers l'Arabie Saoudite - Statistiques

Statistiques générales
  • Ce quiz a été pris 156 fois
    107 depuis la dernière actualisation
  • Le résultat moyen est 20 sur 26
Statistiques - réponses
Nationalité Âge Poste Club précédent Réponse % Correct
Brésil 31 Ailier gauche PSG Neymar
98%
France 35 Avant-centre Real Madrid Karim Benzema
96%
Portugal 38 Attaquant Sans club Cristiano Ronaldo
90%
France 32 Milieu défensif Chelsea N'Golo Kanté
90%
Algérie 32 Ailier droit Manchester city Riyad Mahrez
89%
Brésil 31 Avant-centre Liverpool Roberto Firmino
89%
Sénégal 31 Ailier gauche Bayern Munich Sadio Mané
89%
Maroc 32 Gardien FC Séville Bounou
88%
Sénégal 31 Gardien Chelsea Edouard Mendy
85%
Brésil 29 Milieu défensif Liverpool Fabinho
85%
Sénégal 32 Défenseur central Chelsea Koulidou Koulibaly
82%
Portugal 26 Milieu défensif Wolverhampton Ruben Neves
82%
Côte d'Ivoire 28 Milieu de terrain RC Lens Seko Fofana
82%
France 26 Ailier gauche Newcastle Allan Saint-Maximin
80%
Croatie 30 Milieu défensif Inter Milan Marcelo Brozovic
80%
Côte d'Ivoire 26 Milieu de terrain FC Barcelone Franck Kessié
79%
Angleterre 33 Milieu de terrain Liverpool Jordan Henderson
79%
Serbie 28 Milieu de terrain Lazio Rome Sergej Milinkovic-Savic
77%
Serbie 28 Avant-centre FC Fulham Aleksandar Mitrovic
75%
Brésil 26 Ailier droit Zenith St Petersbourg Malcolm
64%
France 27 Avant-centre Olympique Lyonnais Moussa Dembélé
64%
Portugal 24 Ailier gauche Celtic Glasgow Jota
62%
Sénégal 28 Avant-centre RC Strasbourg Habib Diallo
55%
Turquie 25 Défenseur central Atalanta BC Merih Demiral
44%
Portugal 28 Milieu offensif FC Porto Otavio
43%
Brésil 24 Défenseur central AS Rome Roger Ibanez
42%
Aucun quiz correspondant
Distribution des résultats
% des personnes avec chaque résultat
Percentile par nombre de réponses
Votre historique - résultats
Vous n’avez pas pris ce quiz depuis la dernière actualisation